La guerre des étoiles n’a pas eu lieu (notice n° 1608985)

détails MARC
000 -LEADER
fixed length control field 02057cam a2200205 4500500
005 - DATE AND TIME OF LATEST TRANSACTION
control field 20251228151237.0
041 ## - LANGUAGE CODE
Language code of text/sound track or separate title fre
042 ## - AUTHENTICATION CODE
Authentication code dc
100 10 - MAIN ENTRY--PERSONAL NAME
Personal name Pitard-Bouet
Relator term author
245 00 - TITLE STATEMENT
Title La guerre des étoiles n’a pas eu lieu
260 ## - PUBLICATION, DISTRIBUTION, ETC.
Date of publication, distribution, etc. 2020.<br/>
500 ## - GENERAL NOTE
General note 11
520 ## - SUMMARY, ETC.
Summary, etc. Dans un contexte de guerre la froide, la conquête spatiale a été vue par les USA et par l’URSS comme un facteur de puissance. Elle est associée aussi au développement des capacités balistiques et s’inscrit pleine­ment dans la course aux armements. Afin de maintenir une stabilité, la communauté internationale réagit extrêmement rapidement dès la fin des années 1950. Les différents travaux aboutissent à la ratification du traité de 1967 qui cadre les activités militaires dans l’espace extra-atmosphérique en interdisant par exemple toute action offensive. Malgré les tensions existantes, le vol habité devient un lieu de coopération entre les deux grands. Ainsi, la terre est le lieu de l’expression guerrière ; l’espace, celui de la démonstration de puissance.
520 ## - SUMMARY, ETC.
Summary, etc. In a context of cold war, the space conquest was seen by the USA and the USSR as a factor of power. It is also associated with the development of ballistic capabilities and is fully involved in the arms race. In order to maintain international stability, the United nations are responding in a short time since the late 1950s. The various works lead to the ratification of the 1967 treaty which frames the military activities in outer space by prohi­biting for example any offensive action. Despite existing tensions, manned flight becomes a place of cooperation between the two big ones. Thus, the earth is the place of warlike expression ; space, that of the demonstration of power.
690 ## - LOCAL SUBJECT ADDED ENTRY--TOPICAL TERM (OCLC, RLIN)
Topical term or geographic name as entry element conquête spatiale
690 ## - LOCAL SUBJECT ADDED ENTRY--TOPICAL TERM (OCLC, RLIN)
Topical term or geographic name as entry element espace
690 ## - LOCAL SUBJECT ADDED ENTRY--TOPICAL TERM (OCLC, RLIN)
Topical term or geographic name as entry element traité de 1967
786 0# - DATA SOURCE ENTRY
Note Stratégique | 123 | 3 | 2020-06-04 | p. 143-152 | 0224-0424
856 41 - ELECTRONIC LOCATION AND ACCESS
Uniform Resource Identifier <a href="https://shs.cairn.info/revue-strategique-2019-3-page-143?lang=fr&redirect-ssocas=7080">https://shs.cairn.info/revue-strategique-2019-3-page-143?lang=fr&redirect-ssocas=7080</a>

Pas d'exemplaire disponible.

PLUDOC

PLUDOC est la plateforme unique et centralisée de gestion des bibliothèques physiques et numériques de Guinée administré par le CEDUST. Elle est la plus grande base de données de ressources documentaires pour les Étudiants, Enseignants chercheurs et Chercheurs de Guinée.

Adresse

627 919 101/664 919 101

25 boulevard du commerce
Kaloum, Conakry, Guinée

Réseaux sociaux

Powered by Netsen Group @ 2025